Real estate finance
| Main Author: | |
|---|---|
| Format: | Book |
| Published: |
Englewood Cliffs N. J :
Prentice Hall ,
1978
|
| Subjects: |
MARC
| LEADER | 00000cam a2200000 7i4500 | ||
|---|---|---|---|
| 001 | 0000007623 | ||
| 005 | 20161228.0 | ||
| 020 | |a 0137627246 | ||
| 040 | |a INS | ||
| 090 | 0 | 0 | |a HD1375 |b H56 1978 |
| 100 | 1 | |a Hines, M. A. | |
| 245 | 1 | 0 | |a Real estate finance |c Mary Alice Hines |
| 260 | |a Englewood Cliffs N. J : |b Prentice Hall , |c 1978 | ||
| 300 | |a 514p. : |b 25 cm | ||
| 650 | 0 | 0 | |a Real estate business |z United States |x Finance |
| 999 | |a 0000023769 |b BOOK |c Open Shelf |e Default branch | ||